000 02776cam a22004454i 4500
003 PE-LiUPU
005 20250731165420.0
008 151217s2008 pe a grm 000 0 spa d
035 _a(Sirsi) a155565
040 _aPE-LiUPU
_bspa
_cPE-LiUPU
_erda
099 _aIA 2
_bH83 2008
100 1 _aHuanambal Pérez, Ramiro
_eautor
245 1 _aEstudio de las prácticas de gestión de las Municipalidades en el Departemento de Lima, Ancash y Cajamarca /
_cRamiro Huanambal Pérez.
264 0 _c2008.
300 _a123 hojas :
_bilustraciones;
_c30 cm
336 _atext
_2rdacontent
337 _aunmediated
_2rdamedia
338 _avolume
_2rdacarrier
502 _aInforme
_b(Lic.) --
_cUniversidad Peruana Unión,
_d2008.
504 _aIncluye referencias
520 3 _aEl informe está dividido en cuatro capítulos. I: Informe de experiencia laboral, contiene mi experiencia laboral en la Municipalidad Provincial de Oyón (Lima), en la Municipalidad Distrital de Ancón (Lima), En la Municipalidad distrital de San Martín de Porres (Lima), en la Municipalidad Provincial de Cutervo (Cajamarca), en la Municipalidad Distrital de San Marcos (Ancash). II: Conocimientos elementales de la gestión EDIL, abarca el marco legal función pública, los instrumentos de gestión, los elementos de presupuesto público, la logística, las adquisiciones y contrataciones, la clasificación de las contrataciones y adquisiciones, el objeto de las adquisiciones o contrataciones. III: Aplicación de los conocimientos teóricos en la Gerencia de Administración de finanzas, nos permite abordar el proceso de selección por procedimiento clásico, denominado licitación publica nacional, el plan anual de adquisiciones y contrataciones , la designación de el comité especial para el proceso mediante, la elaboración de bases administrativas por el comité especial, la aprobación de las bases mediante resolución de alcaldía, el proceso de registro contable, bajo el sistema integrado de administración financiera, también las fases del gasto, ingreso y registro contable. IV: Aportes y conclusiones, presentamos las conclusiones en las áreas: área de contabilidad y área de administración.
526 _aSEG44
526 _aSEG26
526 _aP151
526 _aP150
526 _aP149
526 _aP146
526 _aP145
526 _aP126
526 _aP125
526 _aP92
526 _aP75
526 _aP74
526 _aP27
526 _aP15
650 0 4 _aGobierno Municipal
_xLima - Perú
_xLima - Prácticas.
596 _a1
942 _2ddc
_cINFEXPRO
999 _aIA 2 H83 2008
_wALPHANUM
_c8241
_iT01106
_lCCODEBUL3
_mBUL
_r1
_sY
_tINFEXPRO
_u2015-12-17
_xFCE
_PP01
_o.STAFF. Tesis
_d8241
980 _81
_gALBERTO SANCHEZ Responsable de Automatización